Miasta na prawach powiatu do wyboru - nagła śmierć - Statystyki

Ogólne statystyki
  • Ten quiz został rozwiązany 16 810 razy
  • Średni wynik to 12 z 66
Answers on the Grid
Answers color-coded by a green-red scale on the quiz's grid according to % correct below.
Warszawa
Kraków
Łódź
Szczecin
Świnoujście
Koszalin
Gdańsk
Gdynia
Sopot
Słupsk
Elbląg
Olsztyn
Białystok
Suwałki
Łomża
Zielona Góra
Gorzów Wielkopolski
Poznań
Kalisz
Konin
Leszno
Bydgoszcz
Toruń
Włocławek
Grudziądz
Piotrków Trybunalski
Skierniewice
Radom
Płock
Ostrołęka
Siedlce
Kielce
Lublin
Zamość
Chełm
Biała Podlaska
Wrocław
Wałbrzych
Legnica
Jelenia Góra
Opole
Częstochowa
Katowice
Rybnik
Żory
Bielsko-Biała
Jastrzębie-Zdrój
Jaworzno
Mysłowice
Sosnowiec
Dąbrowa Górnicza
Tychy
Gliwice
Zabrze
Chorzów
Siemianowice Śląskie
Świętochłowice
Piekary Śląskie
Ruda Śląska
Bytom
Tarnów
Nowy Sącz
Rzeszów
Krosno
Przemyśl
Tarnobrzeg
Piła
Będzin
Stalowa Wola
Tomaszów Mazowiecki
Legionowo
Pruszków
Tczew
Ostrów Wielkopolski
Stargard
Kołobrzeg
Koło
Augustów
Ostrowiec Świętokrzyski
Nowa Sól
Żary
Złotoryja
Ełk
Tarnowskie Góry
Żywiec
Zawiercie
Kędzierzyn-Koźle
Kraśnik
Lubsko
Ciechanów
Sieradz
Krosno Odrzańskie
Bełchatów
Inowrocław
Skarżysko-Kamienna
Brzeg
Jarosław
Iława
Sochaczew
Grodzisk Wielkopolski
Gniezno
Siemiatycze
Gryfino
Radomsko
Wadowice
Wodzisław Śląski
Gorlice
Starachowice
Włodawa
Bielsk Podlaski
Mława
Otwock
Piaseczno
Bochnia
Wieliczka
Wejherowo
Hel
Słubice
Kostrzyn nad Odrą
Nakło nad Notecią
Chełmno
Ciechocinek
Pabianice
Lubin
Zgorzelec
Drawsko Pomorskie
Chojnice
Malbork
Sokółka
Zambrów
Krotoszyn
Ostróda
Wieluń
Myślenice
Myślibórz
Gostyń
Łęczna
Ostrów Mazowiecka
Lipno
Nowy Dwór Mazowiecki
Hrubieszów
Puławy
Ząbki
Marki
Kłodzko
Biłgoraj
Mielec
Mińsk Mazowiecki
Pszczyna
Czerwionka-Leszczyny
Łowicz
Świecie
Środa Wielkopolska
Września
Nysa
Głogów
Polkowice
Kamień Pomorski
Nowy Targ
Zakopane
Myszków
Czeladź
Żagań
Wałcz
Szczecinek
Hajnówka
Pisz
Bartoszyce
Lębork
Radziejów
Złotów
Turek
Zgierz
Grójec
Garwolin
Tomaszów Lubelski
Dzierżoniów
Trzebnica
Kluczbork
Cieszyn
Olkusz
Oświęcim
Chrzanów
Jasło
Sanok
Dębica
Świebodzin
Szydłowiec
Wronki
Ozorków
Czarna Białostocka
Miastko
Mikołów
Radymno
Skwierzyna
Oborniki
Grodzisk Mazowiecki
Pińczów
Jędrzejów
Grabów nad Prosną
 
Statystyki odpowiedzi
Odpowiedź % Poprawnych
Gdańsk
25%
Łódź
25%
Poznań
25%
Warszawa
25%
Kraków
24%
Toruń
24%
Wrocław
24%
Białystok
23%
Bydgoszcz
23%
Gdynia
23%
Katowice
23%
Kielce
23%
Lublin
23%
Opole
23%
Rzeszów
23%
Częstochowa
22%
Olsztyn
22%
Szczecin
22%
Zielona Góra
22%
Gliwice
21%
Radom
21%
Bielsko-Biała
20%
Gorzów Wielkopolski
20%
Płock
20%
Bytom
19%
Sosnowiec
19%
Zabrze
19%
Chorzów
18%
Elbląg
18%
Jelenia Góra
18%
Kalisz
18%
Tarnów
18%
Tychy
18%
Koszalin
17%
Legnica
17%
Nowy Sącz
17%
Przemyśl
17%
Sopot
17%
Wałbrzych
17%
Piotrków Trybunalski
16%
Rybnik
16%
Słupsk
16%
Suwałki
16%
Włocławek
16%
Zamość
16%
Grudziądz
15%
Konin
15%
Łomża
15%
Chełm
14%
Dąbrowa Górnicza
14%
Leszno
14%
Ruda Śląska
14%
Siedlce
14%
Świnoujście
14%
Tarnobrzeg
14%
Biała Podlaska
13%
Krosno
13%
Jastrzębie-Zdrój
12%
Jaworzno
12%
Ostrołęka
12%
Piekary Śląskie
12%
Siemianowice Śląskie
12%
Skierniewice
12%
Świętochłowice
12%
Żory
11%
Mysłowice
10%
Nie znaleziono quizów pasujących do podanych kryteriów
Rozkład punktacji
Procent ludzi z każdym wynikiem
Percentyl według liczby udzielonych odpowiedzi
Twoja historia wyników
Nie rozwiązałeś tego quizu